| 000 | 00998nas a2200313 4500 | ||
|---|---|---|---|
| 001 | BR0800063 | ||
| 003 | BR-BrBNA | ||
| 005 | 20231205111428.0 | ||
| 007 | ta | ||
| 008 | 230509b bl.|||p| |||| 00| 00por d | ||
| 040 |
_aBR-BrBNA _bpor _cBiblioteca Nacional de Agricultura |
||
| 041 | _a(Pt) | ||
| 072 | _aL73; L02 | ||
| 100 | 1 | _aAlbertoni, J.R. | |
| 100 | 1 | _aMonteiro, V.J. | |
| 100 | 1 | _aCiffoni, E.M.G. | |
| 100 | 1 | _aRomero Neto, P.F. | |
| 100 | 1 | _aCunha, C.G. | |
| 100 | 1 | _aAugusto, G.L. | |
| 245 | 1 |
_aAcidose láctica ruminal em ovinos causada por milho em grãos: tratamento cirúrgico versus medicamento _b7 Jornada de Medicina veterinária |
|
| 650 | _aOVINO | ||
| 650 | _aALIMENTAÇÃO | ||
| 650 | _aMILHO | ||
| 650 | _aDOENÇA ANIMAL | ||
| 650 | _aACIDOSE | ||
| 773 | 0 |
_tArquivos de Ciências Veterinárias e Zoologia da UNIPAR (Brazil) _xISSN 1415-8167 _g(Jul-Dec 2002), v. 5(2) p. 299 _wBR0800063 |
|
| 909 |
_a202311 _bLúcia _c55 _dLúcia Elande |
||
| 942 |
_2AGRIS _n0 _cANA |
||
| 999 |
_c192670 _d192670 |
||